[Event "Match"]
[Site "www.echecsemail.com"]
[Date "2015.01.15"]
[Round "1"]
[White "Tomcapp"]
[Black "Kjvh2004"]
[WhiteElo "1420"]
[BlackElo "1499"]
[Result "1-0"]
[Round "1"]
1.e4 e5
2.Ng1f3 f6
3.Bf1c4 Ng8e7
4.d3 Ne7c6
5.O-O Nc6d4
6.Nf3xd4 exd4
7.Bc1f4 Bf8d6
8.Bf4xd6 cxd6
9.Qd1h5 g6
10.Qh5d5 Nb8c6
11.Qd5f7 
1-0

[Event "Match"]
[Site "www.echecsemail.com"]
[Date "2015.01.15"]
[Round "1"]
[White "Generalfree"]
[Black "Iko"]
[WhiteElo "1780"]
[BlackElo "1460"]
[Result "1-0"]
[Round "1"]
1.e4 e5
2.Ng1f3 d6
3.h3 f5
4.d3 Nb8c6
5.c3 f4
6.b4 a5
7.b5 Nc6e7
8.c4 b6
9.a4 h5
10.Nb1c3 g6
11.Nf3g5 Ne7f5
12.h4 Nf5d4
13.Nc3e2 Bf8e7
14.Ne2xd4 exd4
15.Bc1xf4 Ng8h6
16.f3 O-O
17.g3 Rf8f6
18.Qd1b3 Kg7
19.O-O-O Bc8b7
20.e5 dxe5
21.Bf4xe5 Qd8f8
22.Ng5e6 Kf7
23.Ne6xf8 Ra8xf8
24.Be5xf6 Be7xf6
25.c5 Kg7
26.c6 Bb7c8
27.Rh1g1 Bf6e5
28.Rd1e1 Be5d6
29.Qb3d5 Bc8f5
30.Qd5xd4 Kf7
31.Qd4d5 Kg7
32.d4 Bd6b4
33.Re1e5 Bb4a3
34.Kd1 Nh6f7
35.Re5xf5 gxf5
36.Qd5xf5 Nf7d8
37.Qf5xh5 Nd8e6
38.d5 Ne6c5
39.Qh5g5 Kf7
40.Bf1c4 Ke8
41.Rg1e1 Kf7
42.Re1e7 
1-0

[Event "Match"]
[Site "www.echecsemail.com"]
[Date "2015.01.15"]
[Round "1"]
[White "Saidgermany"]
[Black "Goofy"]
[WhiteElo "1809"]
[BlackElo "2180"]
[Result "1-0"]
[Round "1"]
1.e4 c5
2.Nb1c3 a6
3.g3 b5
4.a3 Bc8b7
5.Bf1g2 Ng8f6
6.Ng1e2 e5
7.O-O d5
8.exd5 Nf6xd5
9.Nc3xd5 Bb7xd5
10.Bg2xd5 Qd8xd5
11.Ne2c3 Qd5d7
12.Rf1e1 Nb8c6
13.d3 Bf8e7
14.Bc1e3 Ra8c8
15.Nc3e4 Nc6d4
16.Be3xd4 exd4
17.a4 b4
18.Ne4d2 O-O
19.Nd2c4 Rc8e8
20.Qd1f3 Be7f6
21.Nc4b6 Qd7d8
22.Qf3b7 a5
23.Nb6d7 Re8e7
24.Nd7xf6 { resign }
1-0

[Event "Match"]
[Site "www.echecsemail.com"]
[Date "2015.01.15"]
[Round "1"]
[White "Wwgia"]
[Black "Apdash"]
[WhiteElo "2090"]
[BlackElo "2110"]
[Result "1-0"]
[Round "1"]
1.d4 d5
2.c4 Ng8f6
3.cxd5 Qd8xd5
4.Nb1c3 Qd5d8
5.e4 e6
6.Ng1f3 Bf8e7
7.Bf1d3 b6
8.O-O Bc8b7
9.Qd1e2 O-O
10.Rf1d1 Nb8d7
11.h3 c6
12.Bc1f4 a5
13.Nf3e5 Nd7xe5
14.Bf4xe5 Nf6d7
15.Be5g3 b5
16.a3 b4
17.Nc3a4 f5
18.exf5 exf5
19.Qe2e6 Kh8
20.Bd3xf5 Nd7f6
21.Bf5c2 Nf6h5
22.Qe6e4 g6
23.Bg3e5 Be7f6
24.Na4c5 Qd8c8
25.Bc2b3 Ra8a7
26.axb4 Nh5g7
27.bxa5 Bb7a8
28.a6 Bf6xe5
29.Qe4xe5 Rf8e8
30.Qe5f4 Ra7e7
31.Bb3c4 Re8f8
32.Qf4d2 Qc8f5
33.Ra1a3 Ng7e8
34.Ra3f3 { resign }
1-0

[Event "Match"]
[Site "www.echecsemail.com"]
[Date "2015.01.15"]
[Round "1"]
[White "Chapi"]
[Black "Harrytheking"]
[WhiteElo "1970"]
[BlackElo "1730"]
[Result "1-0"]
[Round "1"]
1.d4 b6
2.c4 Bc8a6
3.e4 e6
4.Ng1f3 h6
5.Nb1c3 Ng8e7
6.Bf1e2 Ne7g6
7.O-O Bf8e7
8.a3 O-O
9.b4 c6
10.b5 cxb5
11.Nc3xb5 d6
12.a4 Rf8e8
13.d5 e5
14.Nf3e1 Nb8d7
15.Ne1d3 Nd7f6
16.f3 Ng6f4
17.Nd3xf4 Nf6d7
18.Nf4d3 Ba6b7
19.f4 a6
20.Nb5c3 exf4
21.Bc1xf4 Nd7f6
22.e5 dxe5
23.Nd3xe5 Be7c5
24.Kh1 Ra8c8
25.Rf1f3 Nf6g4
26.Ne5d3 Bc5d6
27.h3 Ng4f6
28.Ra1b1 Bd6xf4
29.Rf3xf4 Nf6h7
30.Be2g4 Rc8b8
31.Nd3f2 Qd8d6
32.Qd1f3 Nh7g5
33.Nc3e4 Ng5xe4
34.Nf2xe4 Qd6g6
35.Bg4f5 Qg6xf5
36.Rf4xf5 f6
37.Rb1xb6 Re8c8
38.Qf3b3 Kh7
39.Rb6xb7 Rb8a8
40.Rf5xf6 Rc8g8
41.d6 { resign }
1-0

[Event "Match"]
[Site "www.echecsemail.com"]
[Date "2015.01.15"]
[Round "1"]
[White "Guidom"]
[Black "Ztornad"]
[WhiteElo "2140"]
[BlackElo "1660"]
[Result "1-0"]
[Round "1"]
1.e4 e5
2.Ng1f3 d6
3.Bf1c4 Bc8e6
4.Bc4xe6 fxe6
5.O-O Ng8f6
6.Nb1c3 d5
7.Nf3xe5 g6
8.exd5 Nf6xd5
9.d4 Nd5xc3
10.bxc3 Nb8d7
11.f4 Nd7xe5
12.fxe5 h5
13.Rf1f6 Qd8d5
14.Rf6xg6 O-O-O
15.Bc1e3 Bf8e7
16.Qd1e2 Rh8g8
17.Rg6xg8 Rd8xg8
18.Be3f4 Be7g5
19.Bf4xg5 Rg8xg5
20.Qe2d2 Rg5xe5
21.Qd2h6 Re5e2
22.Qh6f8 Kd7
23.Qf8f7 Kd6
24.Qf7f4 Kc6
25.Qf4g3 Re2xc2
26.a4 a5
27.Ra1b1 b5
28.axb5 Kb6
29.h4 Qd5a2
30.Rb1e1 Qa2b3
31.Qg3e5 Rc2xc3
32.Qe5xh5 Qb3d5
33.Qh5g4 Qd5xb5
34.Re1xe6 Ka7
35.Qg4e4 Qb5d7
36.Re6e8 Rc3c1
37.Kh2 Qd7d6
38.g3 Ka6
39.Re8e6 Rc1c2
40.Kh3 Qd6b6
41.Re6xb6 cxb6
42.Qe4xc2 Kb5
43.d5 { resign }
1-0

[Event "1/128 Finale"]
[Site "www.chess-mail.com"]
[Date "2015.01.15"]
[Round "1"]
[White "Averoes"]
[Black "Odin"]
[WhiteElo "2210"]
[BlackElo "1690"]
[Result "0-1"]
[Round "1"]
1.d4 d5
2.c4 e6
3.Ng1f3 Ng8f6
4.g3 b6
5.Bf1g2 Bc8b7
6.O-O Bf8d6
7.Nb1c3 O-O
8.Nf3e5 Nb8d7
9.f4 Bd6b4
10.Qd1a4 c5
11.e3 Qd8c7
12.Ne5xd7 Nf6xd7
13.cxd5 Bb4xc3
14.bxc3 exd5
15.Bc1a3 Bb7c6
16.Qa4b3 Rf8e8
17.Ra1e1 Ra8b8
18.Bg2xd5 Nd7f6
19.Bd5xc6 Qc7xc6
20.dxc5 bxc5
21.Qb3c4 Nf6g4
22.Qc4xc5 Qc6h6
23.h4 a6
24.e4 Rb8c8
25.Qc5a5 Qh6e6
26.Ba3c5 Qe6c4
27.Bc5d4 Qc4d3
28.Qa5g5 Qd3xg3
{ resign }
0-1

[Event "Tourn. n7958"]
[Site "www.chess-mail.com"]
[Date "2015.01.16"]
[Round "1"]
[White "Osopanda"]
[Black "Krasin"]
[WhiteElo "2000"]
[BlackElo "2240"]
[Result "1/2-1/2"]
[Round "1"]
1.c4 e5
2.Nb1c3 d6
3.g3 g5
4.Bf1g2 Bf8g7
5.Ng1f3 g4
6.Nf3g1 Ng8e7
7.e4 h5
8.Ng1e2 Nb8c6
9.d3 Ne7g6
10.O-O h4
11.Nc3d5 Bc8e6
12.f4 hxg3
13.hxg3 exf4
14.Ne2xf4 Ng6e5
15.Bc1e3 Ne5f3
16.Bg2xf3 gxf3
17.Qd1xf3 Nc6e5
18.Qf3g2 Ne5g4
19.Nf4xe6 fxe6
20.Qg2f3 Ng4e5
21.Nd5f6 Bg7xf6
22.Qf3xf6 Qd8xf6
23.Rf1xf6 Ne5g4
24.Rf6f3 Ng4e5
25.Rf3f6 O-O-O
26.Ra1d1 Ne5g4
27.Rf6f3 Rh8h2
28.Rd1d2 Rd8h8
29.Rd2xh2 Ng4xh2
30.Rf3f7 Nh2g4
31.Be3d4 e5
32.Bd4c3 Rh8h3
33.Kg2 Rh3h2
34.Kg1 Rh2h3
35.Kg2 Rh3h2
36.Kg1 { draw }
1/2-1/2

[Event "Tourn. n7794"]
[Site "www.chess-mail.com"]
[Date "2015.01.16"]
[Round "1"]
[White "Naujzaid"]
[Black "Fabos12"]
[WhiteElo "1840"]
[BlackElo "1600"]
[Result "0-1"]
[Round "1"]
1.d4 Ng8f6
2.c4 d5
3.cxd5 Qd8xd5
4.Nb1c3 Qd5d8
5.e4 g6
6.Bf1c4 Bf8g7
7.Ng1f3 O-O
8.O-O Nb8c6
9.h3 Nf6e8
10.Bc1e3 Kh8
11.Qd1d2 f5
12.e5 Nc6a5
13.Bc4e2 b6
14.d5 e6
15.b4 Na5b7
16.Be3g5 Qd8d7
17.Be2b5 Qd7f7
18.Bb5c4 h6
19.Bg5xh6 f4
20.Nf3g5 Qf7e7
21.Bh6xg7 Kxg7
22.Ng5xe6 Bc8xe6
23.dxe6 Qe7xb4
24.Bc4d5 Ra8b8
25.Ra1b1 Qb4e7
26.Qd2c2 Nb7c5
27.Nc3a4 Nc5xe6
28.Bd5e4 Ne6d4
29.Qc2d3 Nd4f5
 { time }
0-1

[Event "Tourn. n8016"]
[Site "www.chess-mail.com"]
[Date "2015.01.16"]
[Round "1"]
[White "Krasin"]
[Black "Stevo100"]
[WhiteElo "2200"]
[BlackElo "2060"]
[Result "1-0"]
[Round "1"]
1.e4 e6
2.d4 d5
3.Nb1c3 Ng8f6
4.Bc1g5 Bf8e7
5.e5 Nf6d7
6.h4 Be7xg5
7.hxg5 Qd8xg5
8.Ng1h3 Qg5e7
9.Nh3f4 Nb8c6
10.Nc3b5 Nd7b6
11.Qd1g4 g6
12.O-O-O a6
13.Nb5c3 Bc8d7
14.Rh1h6 O-O-O
15.Qg4h3 f6
16.Nf4xg6 hxg6
17.Rh6xh8 fxe5
18.dxe5 Nc6xe5
19.Rh8xd8 Kxd8
20.Qh3h8 Bd7e8
21.Qh8xe5 { resign }
1-0

[Event "Tourn. n7990"]
[Site "www.chess-mail.com"]
[Date "2015.01.16"]
[Round "1"]
[White "Julian"]
[Black "Bojan"]
[WhiteElo "1900"]
[BlackElo "2000"]
[Result "1-0"]
[Round "1"]
1.e4 e5
2.Ng1f3 d6
3.Bf1c4 h6
4.O-O Ng8f6
5.Rf1e1 Nf6h7
6.d4 exd4
7.Nf3xd4 Bc8d7
8.e5 Bf8e7
9.Nb1c3 O-O
10.Qd1h5 Be7g5
11.f4 Bg5e7
12.e6 fxe6
13.Bc4xe6 Kh8
14.Nc3d5 Nh7f6
15.Nd5xf6 Be7xf6
16.Nd4f5 Bd7e8
17.Qh5h3 Nb8d7
18.Nf5xh6 Qd8e7
19.Nh6f5 { resign }
1-0

[Event "Tourn. n7988"]
[Site "www.chess-mail.com"]
[Date "2015.01.16"]
[Round "1"]
[White "Cardiff"]
[Black "Francesco"]
[WhiteElo "2030"]
[BlackElo "2070"]
[Result "1/2-1/2"]
[Round "1"]
1.d4 d5
2.Nb1c3 c6
3.e4 dxe4
4.Nc3xe4 Bc8f5
5.Ne4g3 Bf5g6
6.Ng1f3 e6
7.c3 Ng8f6
8.Bc1f4 Bf8d6
9.Bf4xd6 Qd8xd6
10.Bf1d3 Bg6xd3
11.Qd1xd3 Nb8d7
12.O-O O-O
13.Rf1e1 Nd7c5
14.Qd3c2 Nc5d7
15.Ra1d1 Rf8d8
16.h3 Nf6d5
{ draw }
1/2-1/2

[Event "Tourn. n7974"]
[Site "www.chess-mail.com"]
[Date "2015.01.16"]
[Round "1"]
[White "Cardiff"]
[Black "Faerieking"]
[WhiteElo "2070"]
[BlackElo "2040"]
[Result "0-1"]
[Round "1"]
1.d4 Ng8f6
2.c4 e6
3.Nb1c3 Bf8b4
4.e3 c5
5.Ng1f3 d5
6.cxd5 exd5
7.Bf1b5 Bc8d7
8.Bb5xd7 Nb8xd7
9.Bc1d2 Bb4xc3
10.Bd2xc3 c4
11.O-O O-O
12.Nf3e5 Rf8e8
13.Ne5xd7 Qd8xd7
14.Rf1e1 Nf6e4
15.Qd1c2 f5
16.Ra1d1 b5
17.a3 a5
18.f3 Ne4f6
19.Qc2d2 Qd7c7
20.Re1f1 g6
21.Rd1e1 Ra8a6
22.Qd2f2 Ra6e6
23.Qf2d2 Re6a6
24.Qd2f2 Ra6e6
25.Bc3d2 Qc7b6
26.Re1d1 b4
27.axb4 axb4
28.Rd1a1 f4
29.Rf1e1 fxe3
30.Bd2xe3 c3
31.bxc3 bxc3
32.Re1c1 Re6xe3
{ resign }
0-1

[Event "Tourn. n7969"]
[Site "www.chess-mail.com"]
[Date "2015.01.16"]
[Round "1"]
[White "Osopanda"]
[Black "Faerieking"]
[WhiteElo "2020"]
[BlackElo "2040"]
[Result "0-1"]
[Round "1"]
1.c4 Ng8f6
2.d4 e6
3.Nb1c3 Bf8b4
4.f3 Bb4xc3
5.bxc3 d5
6.e3 c5
7.cxd5 O-O
8.dxe6 Bc8xe6
9.Bf1d3 Nb8c6
10.Ng1e2 cxd4
11.cxd4 Ra8c8
12.O-O a6
13.a4 Nc6b4
14.Bd3b1 Qd8b6
15.Bc1d2 a5
16.e4 Be6c4
17.Bd2e3 Rf8d8
18.Rf1e1 g5
19.Ne2c3 h6
20.d5 Qb6a6
21.Be3d4 Nf6h5
22.Qd1d2 Nh5f4
23.Qd2e3 Rd8e8
24.e5 Nf4xd5
25.Qe3e4 Nd5xc3
26.Qe4h7 Kf8
27.Bd4xc3 Nb4d3
28.Re1d1 Qa6b6
29.Kh1 Nd3f2
{ resign }
0-1

[Event "Tourn. n7873"]
[Site "www.chess-mail.com"]
[Date "2015.01.16"]
[Round "1"]
[White "Hundegana"]
[Black "Asiamen"]
[WhiteElo "2020"]
[BlackElo "2110"]
[Result "1/2-1/2"]
[Round "1"]
1.d4 Ng8f6
2.Ng1f3 d5
3.e3 c6
4.h3 h6
5.Bf1d3 e6
6.O-O Bf8e7
7.Nf3e5 O-O
8.f4 Nb8d7
9.a3 a6
10.c3 Qd8c7
11.Bc1d2 c5
12.Qd1c1 Nd7xe5
13.fxe5 Nf6d7
14.Bd2e1 c4
15.Bd3c2 b5
16.Nb1d2 Bc8b7
17.Be1g3 Rf8e8
18.Rf1f2 Be7g5
19.Nd2f3 Qc7d8
20.Nf3xg5 hxg5
21.Qc1d1 Nd7f8
22.Qd1h5 Nf8g6
23.Bc2xg6 fxg6
24.Qh5xg6 Qd8e7
25.Ra1f1 Re8f8
26.Rf2xf8 Ra8xf8
27.Rf1xf8 Kxf8
28.Qg6c2 Bb7c6
29.Qc2f2 Qe7f7
30.Qf2xf7 Kxf7
31.Kf2 Kg6
32.Kf3 Kf5
33.Bg3h2 Kg6
34.g4 Kf7
35.Ke2 g6
36.Kd2 a5
37.Ke2 a4
38.Kf3 Kg7
39.Kg3 Kh6
40.h4 gxh4
41.Kxh4 g5
42.Kg3 Bc6e8
43.Kf3 Be8g6
{ draw }
1/2-1/2

[Event "Tourn. n7886"]
[Site "www.chess-mail.com"]
[Date "2015.01.16"]
[Round "1"]
[White "Osopanda"]
[Black "Maredocla"]
[WhiteElo "1910"]
[BlackElo "2000"]
[Result "1/2-1/2"]
[Round "1"]
1.c4 e5
2.Nb1c3 Bf8b4
3.Nc3d5 a5
4.Nd5xb4 axb4
5.g3 c5
6.Bf1g2 d6
7.e3 Qd8e7
8.Ng1e2 Bc8g4
9.f3 Bg4h5
10.O-O Ng8f6
11.d4 Nb8c6
12.dxc5 dxc5
13.g4 Bh5g6
14.h4 Ra8d8
15.Qd1e1 Bg6d3
16.b3 O-O
17.Bc1b2 Nf6d7
18.Rf1f2 Qe7xh4
19.Ra1d1 Bd3xe2
20.Rf2xe2 Qh4xe1
21.Re2xe1 f6
22.f4 exf4
23.exf4 Nd7b8
24.Bg2d5 Kh8
25.a3 Nb8a6
26.a4 Na6c7
27.Bd5xc6 bxc6
28.Rd1xd8 Rf8xd8
29.Kf2 Rd8d2
30.Re1e2 Rd2xe2
31.Kxe2 Kg8
32.Ke3 Kf7
33.f5 g6
34.Kf4 g5
35.Ke4 h6
36.Bb2c1 Kg7
37.Kd3 h5
38.gxh5 Kh6
39.Bc1b2 Kxh5
40.Bb2xf6 g4
41.Bf6e7 Nc7a6
42.Ke3 Kh6
43.Kf4 Kh5
44.Kg3 Na6c7
45.Be7xc5 Kg5
46.Bc5xb4 Kxf5
47.Bb4d6 Nc7e8
48.c5 Ne8xd6
49.cxd6 Ke6
50.Kxg4 Kxd6
51.Kf4 Kd5
52.Ke3 Kc5
53.Kd3 Kb4
54.Kd4 c5
55.Kd3 Kxb3
56.a5 c4
57.Kd2 Kb2
58.a6 c3
59.Kd3 c2
60.a7 c1Q
{ draw }
1/2-1/2

[Event "Tourn. n7989"]
[Site "www.chess-mail.com"]
[Date "2015.01.16"]
[Round "1"]
[White "Bojan"]
[Black "Difficult"]
[WhiteElo "2000"]
[BlackElo "1900"]
[Result "1/2-1/2"]
[Round "1"]
1.c4 c6
2.d4 d5
3.cxd5 cxd5
4.b4 e6
5.a3 Ng8f6
6.Ng1f3 Bf8d6
7.e3 O-O
8.Bf1d3 Nb8d7
9.Bc1b2 b6
10.h3 Bc8b7
11.Nb1c3 a6
12.Ra1c1 b5
13.Nc3e2 Ra8c8
14.Nf3e5 Rc8xc1
15.Qd1xc1 Nd7b6
16.O-O Nb6c4
17.Bb2a1 Qd8c7
{ draw }
1/2-1/2

[Event "Tourn. n7907"]
[Site "www.chess-mail.com"]
[Date "2015.01.16"]
[Round "1"]
[White "Awfen"]
[Black "Panham"]
[WhiteElo "2010"]
[BlackElo "2070"]
[Result "1-0"]
[Round "1"]
1.e4 c6
2.Ng1f3 d5
3.e5 Bc8f5
4.d4 e6
5.Nb1c3 Bf8b4
6.Bc1d2 Ng8e7
7.Nf3h4 Bb4xc3
8.Bd2xc3 O-O
9.Nh4xf5 Ne7xf5
10.Bf1d3 Nf5e7
11.Bc3d2 Nb8d7
12.Qd1g4 Ne7g6
13.O-O Qd8h4
14.Qg4xh4 Ng6xh4
15.Bd2g5 Nh4g6
16.c3 Rf8e8
17.h4 Ng6e7
18.g4 Ne7c8
19.h5 h6
20.Bg5h4 Nd7f8
21.f4 Nf8h7
22.Rf1f3 Nc8e7
23.Ra1f1 Kh8
24.Kf2 Kg8
25.Ke2 Ra8c8
26.g5 hxg5
27.fxg5 Ne7f5
28.Bd3xf5 exf5
29.Rf3xf5 Re8f8
30.g6 fxg6
31.hxg6 Rf8xf5
32.gxh7 Kxh7
33.Rf1xf5 Kg6
34.Rf5f3 Rc8e8
35.Ke3 { resign }
1-0

[Event "Tourn. n7932"]
[Site "www.chess-mail.com"]
[Date "2015.01.16"]
[Round "1"]
[White "Maredocla"]
[Black "Colchester"]
[WhiteElo "1930"]
[BlackElo "1800"]
[Result "1/2-1/2"]
[Round "1"]
1.f4 e5
2.fxe5 d6
3.exd6 Bf8xd6
4.Ng1f3 g5
5.g3 g4
6.Nf3h4 Ng8e7
7.Bf1g2 Ne7g6
8.Nh4xg6 hxg6
9.O-O Rh8xh2
10.d3 Rh2h7
11.Bc1f4 c6
12.Qd1d2 Bc8e6
13.e4 Qd8c7
14.c4 Bd6xf4
15.Qd2xf4 Qc7xf4
16.Rf1xf4 Nb8d7
17.Bg2f1 O-O-O
18.Bf1e2 f5
19.Nb1d2 Rd8h8
{ draw }
1/2-1/2

[Event "Tourn. n7983"]
[Site "www.chess-mail.com"]
[Date "2015.01.16"]
[Round "1"]
[White "Anja"]
[Black "Osopanda"]
[WhiteElo "2010"]
[BlackElo "1980"]
[Result "1-0"]
[Round "1"]
1.d4 Ng8f6
2.Bc1g5 e6
3.e4 Bf8e7
4.Nb1c3 O-O
5.e5 Nf6e8
6.Bg5xe7 Qd8xe7
7.f4 d6
8.Ng1f3 c5
9.Qd1d2 cxd4
10.Qd2xd4 Nb8c6
11.Qd4e3 dxe5
12.Nf3xe5 Ne8f6
13.Ne5xc6 bxc6
14.Bf1d3 Nf6d5
15.Qe3e4 Bc8b7
16.Qe4xh7 { resign }
1-0

[Event "Match"]
[Site "www.echecsemail.com"]
[Date "2015.01.16"]
[Round "1"]
[White "Lautreamont"]
[Black "Goofy"]
[WhiteElo "2859"]
[BlackElo "2230"]
[Result "1-0"]
[Round "1"]
1.e4 c5
2.Ng1f3 d6
3.d4 cxd4
4.Nf3xd4 Ng8f6
5.Nb1c3 a6
6.Bc1g5 e6
7.f4 h6
8.Bg5h4 Bf8e7
9.Qd1f3 Nb8d7
10.O-O-O Qd8c7
11.Bf1e2 O-O
12.Qf3g3 Nd7c5
13.e5 Nf6e4
14.Nc3xe4 Nc5xe4
15.Qg3f3 Be7xh4
16.Qf3xe4 d5
17.Qe4e3 Bc8d7
18.g4 Bh4e7
19.h4 Rf8c8
20.g5 Be7c5
21.c3 h5
22.Be2xh5 b5
23.f5 exf5
24.Bh5xf7 Kxf7
25.e6 Kg8
26.exd7 Qc7xd7
27.Qe3e5 b4
28.Qe5xf5 Qd7xf5
29.Nd4xf5 bxc3
30.bxc3 d4
31.Rh1h3 dxc3
32.Rh3xc3 Bc5f8
33.Rd1d3 { resign }
1-0

[Event "Match"]
[Site "www.echecsemail.com"]
[Date "2015.01.16"]
[Round "1"]
[White "Witpar"]
[Black "Schwiizer"]
[WhiteElo "2660"]
[BlackElo "2640"]
[Result "1/2-1/2"]
[Round "1"]
1.d4 Ng8f6
2.c4 g6
3.Nb1c3 d5
4.Ng1f3 Bf8g7
5.Bc1g5 Nf6e4
6.Bg5h4 Ne4xc3
7.bxc3 dxc4
8.Qd1a4 c6
9.Qa4xc4 Qd8a5
10.e3 Nb8a6
11.Qc4b3 Na6c5
12.Qb3b4 Qa5xb4
13.cxb4 Nc5e4
14.Bf1d3 Ne4d6
15.Ke2 a5
16.bxa5 Ra8xa5
17.Bh4g3 Ra5a3
18.Rh1c1 O-O
19.Rc1c2 Bc8e6
20.Ra1b1 Nd6b5
21.Rb1b2 Rf8a8
22.Bd3xb5 cxb5
23.Rb2xb5 Be6f5
24.Rc2d2 Bf5e4
25.Rb5b2 Bg7f8
26.Nf3e5 Be4xg2
27.f3 b5
28.Ne5c6 Ra3c3
29.Rd2c2 Rc3xc2
30.Rb2xc2 g5
31.Kf2 Bg2h3
32.d5 h5
33.Bg3c7 Bh3d7
34.Nc6e5 Bd7e8
35.Ne5c6 h4
36.e4 f6
37.Nc6d4 { draw }
1/2-1/2

[Event "Match"]
[Site "www.echecsemail.com"]
[Date "2015.01.16"]
[Round "1"]
[White "Pariolinius"]
[Black "Muller42"]
[WhiteElo "1710"]
[BlackElo "1809"]
[Result "0-1"]
[Round "1"]
1.c4 e5
2.g3 d6
3.Bf1g2 c6
4.Nb1c3 f5
5.e4 Ng8f6
6.Ng1e2 Bf8e7
7.O-O O-O
8.d3 Qd8e8
9.b4 Bc8d7
10.Bc1b2 Nf6g4
11.h3 Ng4f6
12.Qd1b3 Kh8
13.Nc3d1 fxe4
14.dxe4 Qe8h5
15.Ne2c3 Bd7xh3
16.Nd1e3 Bh3xg2
17.Kxg2 Nf6xe4
18.Nc3xe4 Qh5f3
19.Kg1 Qf3xe4
20.Ne3g2 Nb8d7
21.Ra1e1 Qe4g4
22.Qb3d3 Rf8f3
23.Qd3e2 Ra8f8
24.Ng2e3 Qg4h3
25.Ne3g2 h5
26.Qe2e4 Rf3f7
27.Ng2e3 h4
28.Ne3g2 hxg3
29.fxg3 Qh3xg3
30.Bb2c1 Rf7f2
{ resign }
0-1

[Event "Match"]
[Site "www.echecsemail.com"]
[Date "2015.01.16"]
[Round "1"]
[White "Gambitmiau"]
[Black "Pariolinius"]
[WhiteElo "1730"]
[BlackElo "1770"]
[Result "1-0"]
[Round "1"]
1.e4 d6
2.d4 g6
3.Ng1f3 Bf8g7
4.h3 Ng8f6
5.Nb1d2 O-O
6.b3 c5
7.Bf1c4 Nb8c6
8.c3 Bc8d7
9.O-O Qd8c7
10.Bc1b2 a6
11.a3 b5
12.Bc4d3 e6
13.d5 exd5
14.Ra1b1 Nc6e5
15.Bd3c2 dxe4
16.Nf3xe5 dxe5
17.Nd2xe4 Ra8d8
18.Qd1f3 Nf6xe4
19.Qf3xe4 Bd7f5
20.Qe4e2 Bf5xc2
21.Qe2xc2 Rf8e8
22.c4 bxc4
23.Qc2xc4 a5
24.f4 exf4
25.Bb2xg7 Kxg7
26.Rf1xf4 Re8e6
27.b4 Rd8d2
28.Qc4c3 { resign }
1-0

[Event "Match"]
[Site "www.echecsemail.com"]
[Date "2015.01.16"]
[Round "1"]
[White "Pancon"]
[Black "Hundegana"]
[WhiteElo "1499"]
[BlackElo "1920"]
[Result "0-1"]
[Round "1"]
1.e4 d6
2.d4 Ng8f6
3.Nb1c3 c6
4.Ng1f3 Bc8g4
5.Bf1e2 Bg4xf3
6.Be2xf3 Nb8d7
 { time }
0-1

[Event "Match"]
[Site "www.echecsemail.com"]
[Date "2015.01.16"]
[Round "1"]
[White "Reanna"]
[Black "Picifarkinca"]
[WhiteElo "1680"]
[BlackElo "1920"]
[Result "0-1"]
[Round "1"]
1.c4 Ng8f6
2.g3 e5
3.Bf1g2 d5
4.Ng1f3 Bf8d6
5.d3 O-O
6.Nb1c3 c6
7.O-O d4
8.Nc3e4 Nf6xe4
9.dxe4 c5
10.b3 Nb8c6
11.Bc1a3 b6
12.Qd1c1 Bc8g4
13.Qc1g5 Qd8xg5
14.Nf3xg5 Bg4xe2
15.Rf1e1 Be2h5
16.h4 a5
17.Bg2h3 Nc6b4
18.Ba3xb4 axb4
19.Bh3f5 h6
20.Ng5h7 Rf8d8
21.Kh2 Bh5f3
22.g4 g6
23.Nh7f6 Kg7
24.Nf6d5 gxf5
25.gxf5 d3
26.Re1g1 Kh8
27.f6 Rd8g8
28.Rg1g3 Rg8xg3
29.fxg3 Bf3xe4
30.Nd5xb6 Ra8g8
31.Nb6d7 Be4f5
32.Nd7b6 e4
33.Nb6d5 Bf5h7
34.a3 Bd6xg3
35.Kh1 Bg3e5
36.Ra1a2 e3
37.Nd5xe3 Bh7e4
38.Ne3g2 Rg8xg2
39.Ra2xg2 bxa3
40.Kg1 Be4xg2
41.Kxg2 a2
42.Kf3 a1Q
{ resign }
0-1

[Event "Match"]
[Site "www.echecsemail.com"]
[Date "2015.01.16"]
[Round "1"]
[White "Saidgermany"]
[Black "Fangshuo"]
[WhiteElo "1809"]
[BlackElo "2120"]
[Result "1-0"]
[Round "1"]
1.e4 e5
2.Ng1f3 Nb8c6
3.Bf1b5 a6
4.Bb5a4 b5
5.Ba4b3 Ng8f6
6.O-O Nf6xe4
7.d4 Bf8e7
8.dxe5 O-O
9.Rf1e1 Ne4c5
10.Bb3d5 Ra8b8
11.Nb1c3 Bc8b7
12.a4 bxa4
13.Nc3xa4 Nc6b4
14.Bd5xb7 Rb8xb7
15.Na4xc5 Be7xc5
16.c3 Nb4c6
17.b4 Bc5b6
18.Ra1xa6 Rf8e8
19.b5 Nc6e7
20.Nf3g5 Ne7g6
21.Qd1d5 Rb7b8
22.Qd5xf7 Kh8
23.Qf7a2 Qd8e7
24.Ng5f7 Kg8
25.Nf7d6 Kf8
26.Nd6xe8 Rb8xe8
27.Bc1a3 Bb6c5
28.Ba3xc5 Qe7xc5
29.Qa2a3 Qc5xa3
30.Ra6xa3 Ng6f4
31.c4 { resign }
1-0

[Event "Match"]
[Site "www.echecsemail.com"]
[Date "2015.01.16"]
[Round "1"]
[White "Libiesse"]
[Black "Stevo100"]
[WhiteElo "2040"]
[BlackElo "2030"]
[Result "1-0"]
[Round "1"]
1.d4 Ng8f6
2.c4 e6
3.Ng1f3 Bf8b4
4.Bc1d2 c5
5.Bd2xb4 cxb4
6.e3 Nb8c6
7.Nb1d2 O-O
8.Qd1c2 d5
9.Bf1d3 dxc4
10.Bd3xc4 Bc8d7
11.O-O Qd8e7
12.Rf1c1 Rf8c8
13.Qc2d1 a5
14.Bc4e2 Nc6a7
15.b3 Na7b5
16.Nd2c4 Nb5c3
17.Qd1d2 Nc3xe2
18.Qd2xe2 Nf6d5
19.Qe2d2 Bd7b5
20.Nc4e5 a4
21.Ne5d3 h6
22.Nd3c5 b6
23.Nc5d3 axb3
24.Rc1xc8 Ra8xc8
25.axb3 Rc8c3
26.Ra1a8 Kh7
27.Nf3e1 Rc3xb3
28.Qd2c2 Rb3c3
29.Qc2b1 g6
30.Nd3e5 Qe7c7
31.Ra8f8 Rc3c1
32.Rf8xf7 Kg8
33.Qb1xg6 { resign }
1-0

[Event "Match"]
[Site "www.echecsemail.com"]
[Date "2015.01.16"]
[Round "1"]
[White "Difficult"]
[Black "Calponas"]
[WhiteElo "1880"]
[BlackElo "2040"]
[Result "1/2-1/2"]
[Round "1"]
1.c4 e5
2.Nb1c3 f5
3.d3 Ng8f6
4.Bc1g5 Bf8e7
5.g3 d6
6.Bf1g2 Nb8d7
7.Ng1f3 O-O
8.O-O c6
9.a3 a5
10.Qd1c2 Nd7c5
11.b4 Nc5e6
12.Bg5xf6 Be7xf6
13.Ra1b1 axb4
14.axb4 f4
15.Nc3e4 fxg3
16.hxg3 Ne6d4
17.Nf3xd4 exd4
18.Rb1a1 Ra8xa1
19.Rf1xa1 Qd8e7
20.Ra1b1 Bc8f5
21.Ne4xf6 Qe7xf6
22.Rb1f1 Kh8
23.Qc2a2 Qf6e6
24.Qa2a7 Qe6d7
25.Qa7xd4 Rf8e8
26.e3 { draw }
1/2-1/2

[Event "1/64 Finale"]
[Site "www.chess-mail.com"]
[Date "2015.01.16"]
[Round "1"]
[White "Maredocla"]
[Black "Derfel83"]
[WhiteElo "1980"]
[BlackElo "1950"]
[Result "1-0"]
[Round "1"]
1.f4 c5
2.Ng1f3 d5
3.b3 f6
4.Bc1b2 Bc8f5
5.e3 a6
6.Nb1c3 e6
7.Bf1e2 Bf8d6
8.O-O Ng8h6
9.Nf3h4 d4
10.Nc3b1 Bf5e4
11.Nh4f3 O-O
12.d3 Be4c6
13.Qd1c1 dxe3
14.Qc1xe3 Rf8e8
15.d4 Qd8b6
16.c4 cxd4
17.Bb2xd4 Qb6c7
18.g3 Nb8d7
19.Nb1d2 Nh6g4
20.Qe3c3 e5
21.fxe5 Nd7xe5
22.c5 Bd6f8
23.Nf3xe5 Ng4xe5
24.Bd4xe5 Re8xe5
25.Be2c4 Kh8
26.b4 b5
27.Bc4b3 Qc7d7
28.Nd2f3 Re5e2
29.Bb3d1 Re2e4
30.Rf1e1 Re4xe1
31.Qc3xe1 Ra8e8
32.Qe1f1 Bc6xf3
33.Bd1xf3 Qd7d4
34.Kh1 Qd4xb4
35.c6 Qb4c4
36.Qf1xc4 bxc4
37.Ra1c1  { time }
1-0

[Event "1/128 Finale"]
[Site "www.chess-mail.com"]
[Date "2015.01.16"]
[Round "1"]
[White "Chtoubidou"]
[Black "Difficult"]
[WhiteElo "1870"]
[BlackElo "1880"]
[Result "0-1"]
[Round "1"]
1.e4 d6
2.d4 g6
3.f4 Bf8g7
4.Ng1f3 Ng8f6
5.Nb1c3 O-O
6.Bf1e2 c5
7.d5 b5
8.a3 a6
9.O-O b4
10.axb4 cxb4
11.Nc3a4 Nf6xe4
12.Be2d3 Ne4c5
13.Na4xc5 dxc5
14.Bd3c4 Bc8b7
15.Rf1e1 Rf8e8
16.Nf3e5 Qd8d6
17.Bc1e3 Nb8d7
18.Ne5xd7 Qd6xd7
19.Ra1a5 Re8c8
20.Be3xc5 Qd7c7
21.Re1xe7 Qc7xa5
{ resign }
0-1

[Event "1/32 Finale"]
[Site "www.chess-mail.com"]
[Date "2015.01.16"]
[Round "1"]
[White "Winterlude"]
[Black "Karadajyan"]
[WhiteElo "2500"]
[BlackElo "1950"]
[Result "1/2-1/2"]
[Round "1"]
1.e4 c5
2.Ng1f3 d6
3.Bf1b5 Nb8c6
4.Bb5xc6 bxc6
5.O-O Bc8g4
6.h3 Bg4h5
7.e5 dxe5
8.g4 e4
9.gxh5 exf3
10.Nb1c3 Qd8d7
11.Qd1xf3 Ng8h6
12.Nc3e4 Nh6f5
13.Ne4xc5 Qd7d5
14.Qf3xd5 cxd5
15.c3 e6
16.d4 Bf8xc5
17.dxc5 Kd7
18.b4 Kc6
19.Bc1e3 a5
20.a4 Nf5xe3
21.fxe3 f5
22.Kf2 { draw }
1/2-1/2

[Event "Eq:Clubul Central de Sah-Slap Shot Mates : "]
[Site "www.chess-mail.com"]
[Date "2015.01.16"]
[Round "1"]
[White "Witpar"]
[Black "Calulalb"]
[WhiteElo "2640"]
[BlackElo "2670"]
[Result "0-1"]
[Round "1"]
1.d4 Ng8f6
2.c4 e6
3.Ng1f3 b6
4.g3 Bc8b7
5.Bf1g2 Bf8e7
6.O-O O-O
7.Nb1c3 Nf6e4
8.Qd1c2 Ne4xc3
9.Qc2xc3 c5
10.Rf1d1 d6
11.b3 Be7f6
12.Bc1b2 Qd8e7
13.Qc3c2 Nb8c6
14.e4 e5
15.d5 Nc6d4
16.Bb2xd4 exd4
17.Qc2d3 Ra8e8
18.Rd1e1 Bb7c8
19.h4 h6
20.b4 g5
21.hxg5 hxg5
22.a4 g4
23.Nf3d2 Qe7e5
24.Nd2b3 Bf6d8
25.Nb3c1 f5
26.Qd3b1 fxe4
27.Re1xe4 Bc8f5
28.Re4xe5 Bf5xb1
29.Re5xe8 Rf8xe8
30.Ra1xb1 Re8e1
31.Bg2f1 d3
32.Rb1b2 Re1xc1
33.bxc5 dxc5
34.Kg2 Rc1c2
35.Rb2b3 Rc2xc4
36.Rb3xd3 Rc4xa4
37.Rd3e3 Kf7
38.Bf1b5 Ra4d4
39.f4 Kg7
40.Bb5c6 a6
41.Re3e8 Bd8f6
42.Re8c8 c4
43.Bc6d7 a5
44.Kf2 Rd4xd5
45.Bd7xg4 b5
46.Rc8c7 Kf8
47.Bg4e6 Rd5d2
48.Ke3 Rd2d6
49.f5 c3
50.Ke2 Rd6d2
51.Ke3 Bf6d4
52.Kf4 a4
53.g4 c2
54.g5 Bd4b2
55.g6 b4
56.Ke3 Rd2h2
57.Kd3 b3
58.Rc7f7 Ke8
59.Rf7c7 Bb2f6
{ resign }
0-1